| 000 | 00635cam a2200205 4500 | ||
|---|---|---|---|
| 001 | ABS62096 | ||
| 008 | 000000n2000 000 0 eng u | ||
| 035 | _a(Sirsi) u104753 | ||
| 100 | _aWebber, G. | ||
| 245 | _aLease renewals and the CPR(2) | ||
| 260 | _c2000 | ||
| 490 |
_aSolicitors' Journal _v144(7) 25 February 2000, 170-172(3) |
||
| 520 | _aSecond in series of two articles about lease renewal. Explains the procedure in the county court. | ||
| 590 | _aABS | ||
| 650 | _aCOUNTY COURT PROCEDURE | ||
| 650 | _aLEASE RENEWAL | ||
| 650 | _aCIVIL PROCEDURE RULES 1998 | ||
| 690 | _aLANDLORD AND TENANT-LEASES | ||
| 942 | _n0 | ||
| 999 |
_c62843 _d62843 |
||